| 000 | 00870nam a2200265 a 4500 | ||
|---|---|---|---|
| 001 | 54261 | ||
| 003 | BD-RjUL | ||
| 005 | 20211209080108.0 | ||
| 008 | 161105s2008 i 000 0 eng d | ||
| 020 | _a9788131720714 | ||
| 035 | _a(BD-RjUL)54383 | ||
| 040 |
_aBD-RjUL _beng _cBD-RjUL |
||
| 041 | _aeng | ||
| 082 |
_223 _a658.5 _bTAI 2008 |
||
| 100 | 1 |
_aTaylor, Bernard W. _9161948 |
|
| 245 | 1 | 0 |
_aIntroduction to management science / _cBernard W. Taylor |
| 250 | _a9th ed. | ||
| 260 |
_aIndia : _bPearson Prentice Hall, _cc2007 [ Imprission 2008] . |
||
| 300 |
_axviii, 819 p. : _bill. ; _c26 cm. |
||
| 500 | _aIncludes Index | ||
| 650 | 0 |
_aManagement science. _9144735 |
|
| 650 | 0 |
_aManagement science _xStudy and teaching _9161949 |
|
| 700 | 1 |
_aWilson, Martha. _tTest item file [to accompany] Introduction to management science, 9th ed. _9161950 |
|
| 942 |
_2ddc _cBK |
||
| 999 |
_c54261 _d54261 |
||